| 000 | 00463nam a22001817a 4500 | ||
|---|---|---|---|
| 003 | MPLRDC | ||
| 005 | 20220104114003.0 | ||
| 008 | 210129b ||||| |||| 00| 0 eng d | ||
| 082 | _a830.8 XDSX v.10 | ||
| 100 | _aLOUANN GAEDDETT等著 | ||
| 245 |
_a完美的陌生人 _c杨锦郁译 |
||
| 250 | _a一版一刷 | ||
| 260 |
_a台湾 _b希代书版有限公司 _c1986 |
||
| 300 | _b270 | ||
| 490 | _a希代书系. 10 | ||
| 650 | _a | ||
| 942 |
_cBK _o830.8 XDSX v.10 |
||
| 999 |
_c3928 _d3918 |
||